Normal view
MARC view
- الاسلام-القرن العشرون
Entry Topical Term
001 - CONTROL NUMBER
- control field: 34558
003 - CONTROL NUMBER IDENTIFIER
- control field: JO-AjAnu
005 - DATE AND TIME OF LATEST TRANSACTION
- control field: 20230606075804.0
008 - FIXED-LENGTH DATA ELEMENTS
- fixed length control field: 230606|| aca||aabn | a|a d
040 ## - CATALOGING SOURCE
- Original cataloging agency: JO-AjAnu
- Transcribing agency: JO-AjAnu
150 ## - HEADING--TOPICAL TERM
- Topical term or geographic name entry element: الاسلام-القرن العشرون
670 ## - SOURCE DATA FOUND
- Source citation: Work cat.: (JO-AjAnu)17750: حفني،عبد الحليم, author 34557, بين الدين والحياة :في رحلة قطار